01108cam a22002774a 45000010009000000050017000090080041000260200025000670200022000920400054001140820019001681000031001872450107002182600095003253000034004205000024004545040033004786500028005116530024005396550024005637000028005877000027006159420019006429990017006619520152006781602481520201128021154.0091216s2009 xxka frb f001 0 eng d a9780521869850 (hbk.) a0521869854 (hbk.) aUKMcUKMdBTCTAdYDXCPdBWKUKdBWKdDLCdEG-ScBUE00a004.6222bMER1 aMerani, Maria Luisa93707110aHands-on networking :bfrom theory to practice /cMaria Luisa Merani, Maurizio Casoni, Walter Cerroni. aCambridge, United Kingdom ;aNew York, United States :bCambridge University Press,c2009. axii, 259 p. :bill. ;c26 cm. aIndex : p. 253-259. aBibliography : p. [248]-252. 0aComputer networks91660 bENGELCcJanuary2015 vreading book9342321 aCasoni, Maurizio9370731 aCerroni, Walter937074 2ddck004.6 MER c18841d18813 00102ddc40708BaccahaMAINbMAINcLOWd2015-01-06epurchaseg513.00h21291l1o004.6 MERp000037259r2025-07-15 00:00:00s2024-06-24v641.00yBB